| 000 | 00684cab a2200253 4500 | ||
|---|---|---|---|
| 001 | ABS67600 | ||
| 008 | 040316n2004 000 0 eng u | ||
| 035 | _a(Sirsi) u125440 | ||
| 245 | _aRegional survey: Bedfordshire, Buckinghamshire and Oxfordshire | ||
| 260 | _c2004 | ||
| 490 |
_aProperty Week _v69(9) 27 February 2004, 61-70(6) |
||
| 590 | _aABS | ||
| 650 | _aBEDFORD | ||
| 650 | _aBUS STATION | ||
| 650 | _aOXFORD | ||
| 650 | _aMILTON KEYNES | ||
| 650 | _aBEDFORDSHIRE | ||
| 650 | _aBUCKINGHAMSHIRE | ||
| 650 | _aOXFORDSHIRE | ||
| 650 | _aLAND AGENTS | ||
| 650 | _aDEVELOPERS | ||
| 690 | _aPROPERTY-COMMERCIAL PROPERTY-COMMERCIAL PROPERTY MARKET | ||
| 942 | _n0 | ||
| 999 |
_c74275 _d74275 |
||